Normal view
MARC view
- Khawaja,sahib sarfraz wasti,syed muzamil & shahbaz,syed nadir
Entry Personal Name
001 - CONTROL NUMBER
- control field: 4902
003 - CONTROL NUMBER IDENTIFIER
- control field: NUST
005 - DATE AND TIME OF LATEST TRANSACTION
- control field: 20170922155413.0
008 - FIXED-LENGTH DATA ELEMENTS
- fixed length control field: 170922|| aca||aabn | a|a d
040 ## - CATALOGING SOURCE
- Original cataloging agency: NUST
- Transcribing agency: NUST
100 ## - HEADING--PERSONAL NAME
- Personal name: Khawaja,sahib sarfraz wasti,syed muzamil & shahbaz,syed nadir
670 ## - SOURCE DATA FOUND
- Source citation: Work cat.: (NUST): Khawaja,sahib sarfraz wasti,syed muzamil & shahbaz,syed nadir, External financial liberalization and economic growth: role of human capital and institutional quality: A case study of pakistan, 2016
